[Event "Kiev-Lvov Region Blitz"]
[Site "Kiev"]
[Date "2021.09.15"]
[Round "5"]
[White "Kvak, Robert"]
[Black "Palchuk, Andrii"]
[Result "0-1"]
[WhiteElo "1991"]
[BlackElo "2188"]
[PlyCount "118"]
[EventDate "2021.09.15"]
[EventType "team-match (blitz)"]
[EventRounds "8"]
[EventCountry "UKR"]
[SourceTitle "CBM 204 Extra"]
[Source "ChessBase"]
[SourceDate "2021.11.30"]
[SourceVersion "1"]
[SourceVersionDate "2021.11.30"]
[SourceQuality "1"]
[WhiteTeam "Lvov Region"]
[BlackTeam "Kiev Region"]
[WhiteTeamCountry "UKR"]
[BlackTeamCountry "UKR"]

1. Nf3 Nf6 2. g3 d5 3. Bg2 c6 4. 0-0 Bg4 5. c4 e6 6. b3 Nbd7 7. Bb2 a5 8. a3 Bd6 9. d3 0-0 10. Nbd2 Re8 11. h3 Bh5 12. Qc2 e5 13. e4 Bf8 14. exd5 cxd5 15. Rfe1 Qc7 16. Rac1 d4 17. Ng5 Bg6 18. g4 Nc5 19. Nge4 Nfxe4 20. Nxe4 Ne6 21. c5 Rac8 22. b4 axb4 23. axb4 Nf4 24. Bf1 f5 25. Ng3 fxg4 26. hxg4 Qd7 27. f3 h6 28. Ne4 Nd5 29. Qb3 Bf7 30. b5 Nc7 31. c6 bxc6 32. bxc6 Qe7 33. Qc2 Nd5 34. Qc5 Qc7 35. Qc2 Nb4 36. Qd2 Nxc6 37. Rc2 Bb4 38. Qxb4 Nxb4 39. Rxc7 Rxc7 40. Ba3 Nc2 41. Bd6 Nxe1 42. Bxc7 Nxf3+ 43. Kf2 Nh4 44. Kg3 Ng6 45. Bg2 Nf4 46. Bf1 Nd5 47. Bd6 Bg6 48. Bg2 Nf4 49. Bf1 Kh7 50. Kf3 Re6 51. Bc7 Nd5 52. Bb8 Bxe4+ 53. Kxe4 Nc3+ 54. Kf3 Kg6 55. Kg3 Kf6 56. Bg2 Rb6 57. Bc7 Rb2 58. Bd8+ Ke6 59. Ba8 Rb8 0-1

[Event "Kiev-Lvov Region Rapid"]
[Site "Kiev"]
[Date "2021.09.14"]
[Round "4"]
[White "Kvak, Robert"]
[Black "Palchuk, Andrii"]
[Result "1-0"]
[WhiteElo "1991"]
[BlackElo "2188"]
[PlyCount "97"]
[EventDate "2021.09.14"]
[EventType "team-match (rapid)"]
[EventRounds "4"]
[EventCountry "UKR"]
[SourceTitle "CBM 204 Extra"]
[Source "ChessBase"]
[SourceDate "2021.11.30"]
[SourceVersion "1"]
[SourceVersionDate "2021.11.30"]
[SourceQuality "1"]
[WhiteTeam "Lvov Region"]
[BlackTeam "Kiev Region"]
[WhiteTeamCountry "UKR"]
[BlackTeamCountry "UKR"]

1. e4 c6 2. Ne2 d5 3. e5 c5 4. d4 Nc6 5. c3 Bf5 6. dxc5 Nxe5 7. Nd4 Bd7 8. b4 e6 9. Be2 Nf6 10. 0-0 Be7 11. f4 Nc6 12. Be3 0-0 13. Nd2 Re8 14. N2f3 Bf8 15. Nxc6 Bxc6 16. Bd4 Rc8 17. Bd3 b6 18. b5 bxc5 19. Bxf6 Qxf6 20. bxc6 Qxc3 21. Rc1 Qb4 22. Ne5 g6 23. Rb1 Qd4+ 24. Kh1 Bd6 25. Rb7 Rc7 26. Bb5 Kg7 27. Qxd4 cxd4 28. Nd7 f6 29. Rxc7 Bxc7 30. g4 h6 31. f5 e5 32. Nc5 Kf7 33. Ne6 Rxe6 34. fxe6+ Kxe6 35. Kg2 e4 36. Kf2 f5 37. gxf5+ gxf5 38. Rg1 Kf7 39. Rb1 Ke6 40. Rg1 Kf7 41. Be2 Ke7 42. Rg7+ Kd6 43. Bb5 Bb6 44. Rd7+ Kc5 45. a4 d3 46. c7 Kb4+ 47. Ke1 Bxc7 48. Rxc7 f4 49. Kd2 1-0

[Event "Lvov Ivanchuk School-ch"]
[Site "Lvov"]
[Date "2017.10.14"]
[Round "4"]
[White "Kvak, Robert"]
[Black "Mosesov, Danylo"]
[Result "0-1"]
[WhiteElo "1562"]
[BlackElo "2134"]
[PlyCount "88"]
[EventDate "2017.10.13"]
[EventType "swiss"]
[EventRounds "9"]
[EventCountry "UKR"]
[SourceTitle "CBM 181 Extra"]
[Source "ChessBase"]
[SourceDate "2017.12.12"]
[SourceVersion "1"]
[SourceVersionDate "2017.12.12"]
[SourceQuality "1"]

1. d4 Nf6 2. Nf3 b6 3. Bf4 Bb7 4. e3 g6 5. Be2 Bg7 6. c3 0-0 7. 0-0 d6 8. Nbd2 Nh5 9. Bg5 h6 10. Bh4 g5 11. Bg3 Nxg3 12. hxg3 Nd7 13. Nb3 e5 14. Re1 a5 15. a4 Qe7 16. Qc2 f5 17. Rad1 Be4 18. Qc1 Bc6 19. Bb5 Bxb5 20. axb5 Qf7 21. Qc2 e4 22. Nfd2 Nf6 23. c4 Rae8 24. c5 d5 25. cxb6 cxb6 26. Nf1 Rc8 27. Qe2 Ne8 28. Rc1 Nd6 29. Rc6 Rxc6 30. bxc6 Nc4 31. Nbd2 Nxb2 32. Nxe4 Nc4 33. Nc3 Rc8 34. Qf3 Rxc6 35. Nxd5 Rd6 36. Nc3 Qd7 37. Rb1 Kh7 38. Rb5 Rf6 39. Rd5 Qe6 40. Qd1 Qc6 41. Qb3 Nd6 42. Nd2 Rf8 43. Nf3 Rc8 44. Nb5 a4 0-1